| 000 | 01891nad a22003853ic4500 | ||
|---|---|---|---|
| 001 | EBC7081110 | ||
| 003 | MiAaPQ | ||
| 005 | 20221026165704.0 | ||
| 007 | cr cnu|||||||| | ||
| 008 | 221021s2022 xx o ||||0 eng d | ||
| 020 |
_a9781350226678 _q(electronic bk.) |
||
| 020 | _z9781474298780 | ||
| 040 |
_aMiAaPQ _beng _cMiAaPQ |
||
| 245 | 1 | 2 |
_aA Cultural History of Objects _nVolume 4 _pIn the Age of Enlightenment _cedited by Audrey Horning |
| 264 | 1 |
_aLondon : _bBloomsbury Publishing Plc, _c2022. |
|
| 264 | 4 | _c©2022. | |
| 300 | _a1 online resource (257 pages) | ||
| 336 |
_aText _btxt _2rdacontent |
||
| 337 |
_aComputermedien _bc _2rdamedia |
||
| 338 |
_aOnline Resource _bcr _2rdacarrier |
||
| 490 | 1 | _aThe cultural histories series | |
| 500 | _aE-Book-ProQuest / Fernzugriff nach Registrierung möglich | ||
| 505 | 0 | _aCover -- Contents -- List of Illustrations -- Series Preface -- Introduction Audrey Horning -- 1 Objecthood Mary C. Beaudry -- 2 Technology Colin Rynne -- 3 Economic Objects Christina J. Hodge -- 4 Everyday Objects Beverly Straube -- 5 Art Katy Barrett -- 6 Architecture Adrian Green -- 7 Bodily Objects Diana DiPaolo Loren -- 8 Object Worlds Jonas Monié Nordin -- Notes -- Bibliography -- Notes on Contributors -- Index. | |
| 650 | 4 |
_aKunsthandwerk _915711 |
|
| 650 | 4 |
_aAlltagsgegenstand _915704 |
|
| 650 | 4 |
_aSachkultur _915712 |
|
| 655 | 4 | _aElectronic books. | |
| 655 |
_aFernzugriff _9230 |
||
| 700 |
_4edt _aHorning, Audrey. _eeditor _915638 |
||
| 773 | 0 | 8 |
_qVolume4 _w1675693072 |
| 776 | 0 | 8 |
_iPrint version: _aHorning, Audrey _tA Cultural History of Objects in the Age of Enlightenment _dLondon : Bloomsbury Publishing Plc,c2022 _z9781474298780 |
| 830 | 4 |
_aThe cultural histories series _96986 |
|
| 856 | 4 | 0 |
_uhttps://ebookcentral.proquest.com/lib/maxweberstiftung-ebooks/detail.action?docID=7081110 _zVolltext |
| 942 |
_cEB _2z |
||
| 999 |
_c60914 _d60914 |
||